[Event "XXXVII Coppa A"]
[Site "Cagliari ITA"]
[Date "2012.09.23"]
[Round "9"]
[White "Senlle Caride, Miguel"]
[Black "Libiszewski, Fabien"]
[WhiteElo "2265"]
[BlackElo "2493"]
[Result "1/2-1/2"]
[PlyCount "90"]
[EventDate "2012.09.17"]

1. Nf3 Nf6 2. g3 g6 3. b3 Bg7 4. Bb2 d6 5. d4 c5 6. Bg2 cxd4 7. Nxd4 d5 8. c4
dxc4 9. bxc4 O-O 10. O-O Qb6 11. Qb3 Nfd7 12. e3 Nc6 13. Rd1 Na5 14. Qxb6 axb6
15. Na3 Ne5 16. Rac1 Bf5 17. Rd2 Rac8 18. h3 Bd7 19. Nb3 Bc6 20. Nxa5 bxa5 21.
Bxe5 Bxe5 22. Bxc6 Rxc6 23. Nb5 Rfc8 24. Rdc2 Rc5 25. Kf1 h5 26. h4 Kf8 27. Ke2
Ke8 28. Na7 Ra8 29. Nb5 Rd8 30. Rd1 Rdc8 31. Rdc1 Bf6 32. Na7 Ra8 33. Nb5 Rd8
34. Rd1 Rdc8 35. Rdc1 Bg7 36. Na7 Ra8 37. Nb5 Rd8 38. Rd1 Rdc8 39. Rdc1 a4 40.
a3 Bf8 41. Kd3 e6 42. Rb1 R5c6 43. Rbc1 Bc5 44. Rb1 Be7 45. Rbc1 Bc5 1/2-1/2